KOHA-Header-6

Cryptography and Network Security (Record no. 12094)

000 -LEADER
fixed length control field 00337nam a22001457a 4500
020 ## - INTERNATIONAL STANDARD BOOK NUMBER
ISBN 978-93-5316-330-3
082 ## - DEWEY DECIMAL CLASSIFICATION NUMBER
Classification number 005.82
100 ## - MAIN ENTRY--AUTHOR NAME
Personal name Atul Kahate
245 ## - TITLE STATEMENT
Title Cryptography and Network Security
250 ## - EDITION STATEMENT
Edition statement 4th edition
260 ## - PUBLICATION, DISTRIBUTION, ETC. (IMPRINT)
Place of publication India
Name of publisher McGraw Hill
Year of publication 2019
300 ## - PHYSICAL DESCRIPTION
Number of Pages 456
650 ## - SUBJECT ADDED ENTRY--TOPICAL TERM
Topical Term Computer Science
942 ## - ADDED ENTRY ELEMENTS (KOHA)
Koha item type Books
Holdings
Withdrawn status Lost status Collection code Permanent Location Current Location Shelving location Date acquired Full call number Accession Number Koha item type
    Computer Networking MAJU MAJU Shelf No.A33 2019-10-29 005.82 9399 Computer Networking

Powered by Koha